000 00975nam a22002417a 4500
001 81267)
003 BD-RjUL
005 20230228160843.0
008 230228s2016 bg a|||| m||| 00| 0 eng d
035 _a(BD-RjUL)81267)
040 _aBD-RjUL
_beng
_cBD-RjUL
_dBD-RjUL
041 _aeng
082 _223
_a304.65492
_bALS 2016
100 _aAli, Md. Akshad
_97094
245 1 0 _aA Study of reference ranges for Biochemical and Hematological parameters in the healthy population of Bangladesh /
_cMd. Akshad Ali ;
_6Supervisor : Tanzima, Yeasmin
260 _aRajshahi :
_bDepartment of Biochemistry and Molecular Biology, University of Rajshahi,
_c2016
300 _axvi, 182 leaves :
_bill ;
_c29.cm.
502 _aThesis (M. Phil.) -- Department of Biochemistry and Molecular Biology, University of Rajshahi, 2016
504 _aReferences : Leaves 172 - 179
650 _aPopulation
_zBangladesh
_97095
700 _aYeasmin, Tanzima, Supervisor
_97096
942 _2ddc
_cREF
999 _c81267
_d81267